000 00527cas a22001815a 4500
001 L138763
008 070710c xxkzx p 0 a0eng u
035 _a(Sirsi) u138763
041 0 _aeng
110 2 _aFederation Internationale des Geometres
_95065
245 0 0 _aInternational Federation of Surveyors
_bNewsletter
260 _aS.l.
_bFIG
_c[1992]-
362 0 _a(3) [1993]-(11) April 1995
554 _aIrregular
651 4 _aInternational
690 _aMANAGEMENT-BUSINESS MANAGEMENT-PROFESSIONAL PRACTICE
942 _n0
999 _c119026
_d119026